| 000 | 00600nam a22002057a 4500 | ||
|---|---|---|---|
| 005 | 20250401164248.0 | ||
| 010 | _aENG-144389 | ||
| 020 |
_a9788119626083 _c595.00 |
||
| 035 | _aEN-127921 | ||
| 037 | _bNiyogi Books | ||
| 037 | _bDBAD | ||
| 082 |
_aN _21 |
||
| 100 |
_aVidyarthi, Madhurima _980071 |
||
| 245 |
_aPre-Order: _bJob Charnock and The Potter's Boy/ _cMadhurima Vidyarthi |
||
| 250 | _a1 | ||
| 260 |
_aNew Delhi _bNiyogi Books _c2024 |
||
| 270 |
_aBlock D, Building No. 77, Okhla Industrial Area, Phase-I _bNew Delhi _e110020 |
||
| 300 |
_a399p. _c20cm(pb) |
||
| 942 |
_2ddc _cEN _hN _mVID |
||
| 999 |
_c210626 _d210626 |
||